MARC

LEADER 00000nam0a2200000 4500
001 28526
005 20231030202847.0
035 |a (RuTPU)RU\TPU\book\28782 
035 |a BOOK00000034 
090 |a 28526 
100 |a 20011209d1993 u y0rusy50 ca 
101 0 |a rus 
102 |a RU 
105 |a a 000|y 
200 1 |a Paradox for Windows  |e Простое в сложном  |h Ч. 2 
210 |a Москва  |c МИК  |d 1993 
215 |a 447 с.  |c ил. 
610 1 |a программирование 
610 1 |a реляционные базы данных 
610 1 |a управление 
610 1 |a языки программирования 
610 1 |a запросы 
610 1 |a утилиты 
610 1 |a разрабатываемые документы 
610 1 |a кросстаблицы 
610 1 |a графики 
675 |a 681.3.016  |v 3 
675 |a 681.3.066  |v 3 
801 0 |a RU  |b 63413507  |c 20011209  |g PSBO 
801 2 |a RU  |b 63413507  |c 20170307  |g RCR 
942 |c BK